Countries by Flag: 30 Seconds - Statistics

General Stats
  • This quiz has been taken 1,523 times
  • The average score is 10 of 25
Answer Stats
Picture Answer % Correct
Madagascar
80%
Tonga
73%
Yemen
69%
Kuwait
66%
Gabon
65%
Togo
58%
Armenia
55%
Mozambique
52%
El Salvador
51%
Saint Lucia
43%
Oman
42%
The Bahamas
42%
Namibia
40%
Rwanda
34%
San Marino
34%
Malawi
33%
Niger
31%
Myannmar
28%
Comoros
22%
Haiti
21%
Samoa
21%
Liechtenstein
18%
Mali
17%
St. Vincent and the Grenadines
15%
Solomon Islands
13%
No matching quizzes found
Score Distribution
Percent of People with Each Score
Percentile by Number Answered
Your Score History
You have not taken this quiz